00402nam a2200181Ia 4500003000900000008004100009040001300050040001300063041000800076100001600084245005300100250001100153260002000164260000900184300001100193300001000204490000600214IT-RoPAU120407s9999 xx 000 0 und d aIT-RoPAU cIT-RoPAU aita aA. Verriele aIl soprannaturale in noi e il peccato originale. aMilano aVita e Pensiero c1936 a339 p. c19 cm v1